banner-ar

OBSTETRIES AND GYNECOLOGY / (Record no. 11863)

MARC details
000 -الفاتح
حقل البيانات ثابتة الطول 00494nam a2200193Ia 4500
008 - عناصر البيانات ثابتة الطول - معلومات عامة
حقل البيانات ثابتة الطول 140319s9999 xx 000 0 eng d
040 ## - مصدر الفهرسة
وكالة الفهرسة الأصلية GCL /
وكالة النسخ GCL
082 04 - رقم تصنيف ديوى العشرى
رقم التصنيف 618
رقم المادة W O
100 1# - المدخل الرئيسى - إسم شخصى
الإسم الشخصى WILSON, ROBERT
245 10 - بيان العنوان
العنوان OBSTETRIES AND GYNECOLOGY /
بيان المسئوليه,etc WILSON, ROBERT
700 1# - المدخل الاضافى - اسم شخصى
الإسم الشخصى CARRINGTON, ELSIE REID
700 1# - المدخل الاضافى - اسم شخصى
الإسم الشخصى LAROS, RUSSELL K.
260 ## - PUBLICATION, DISTRIBUTION, ETC. (IMPRINT)
تاريخ النشر أو التوزيع 1991
300 ## - الوصف المادى
التعداد 658\P
650 04 - المدخل الاضافى بالموضوع-مصطلح موضوعى
مصطلح موضوعي GYNECOLOGY
650 04 - المدخل الاضافى بالموضوع-مصطلح موضوعى
مصطلح موضوعي OBSTETRICS
942 ## - عناصر المدخل الإضافي( كوها)
مصدر التصنيف او مخطط الترفيف Dewey Decimal Classification
Koha [default] item type كتاب
260 ## - PUBLICATION, DISTRIBUTION, ETC. (IMPRINT)
-- [S.N] :
-- MOSBY YEAR BOOK ،
Holdings
حالة التراجع حالة الفقد حالة تلف ليس للاعارة المكان المؤقت الموقع الحالى تاريخ الاكتساب اجمالي اﻻعارات رقم الطلب الباركود تاريخ اخر مشاهدة تاريخ تفعيل السعر نوع وعاء كوها
        مكتبة القاهرة الكبرى مكتبة القاهرة الكبرى 03/26/2014   618\W O 23309 03/26/2014 03/26/2014 كتاب

Powered By

EGPV